000 01547nam0a2200337 4500
001 RU\NLR\bibl\208977
005 20260407070644.0
035 _a(NLR Aleph) 000205207
090 _a1190090
_c1190090
100 _a20011203d1993 |||y0rusy50 ca
101 0 _arus
102 _aRU
105 _aa |||||||||
200 1 _aКорсаковский район
_e(Рек. библиогр. указ.)
_eК 140-летию г. Корсакова
_fКорсак. централиз. библ. система. Метод.-библиогр. отд.
_g[Сост.: Податнова Т.Г.
_gРед.: Николаева Ф.Ю.]
210 _aКорсаков
_cБ.и.
_d1993
215 _a135 с., [4] л. ил.
_cсхем.
_d20
320 _aАлф. указ. авт. и загл.: с. 105-124
320 _aИмен. указ.: с. 125-127
320 _aГеогр. указ.: с. 128-130
607 _aКорсаковский район (Сахалинская область)
_jБиблиография рекомендательная
_92227725
_3RU\NLR\auth\661337269
686 _aД890(2Р55-4Сах)я1
686 _aЯ131(2Р)
686 _aЯ15(2Р)
702 1 _aПодатнова
_bТ. Г.
_4220
702 1 _aНиколаева
_bФ. Ю.
_4340
711 0 2 _aКорсаковская централизованная библиотечная система
_9566750
_3RU\NLR\AUTH\8810034164
801 0 _aRU
_bNLR
_c20011203
_gPSBO
801 1 _aRU
_bNLR
_c20011203
942 _cBOOK
980 _aNB